Interminable Rooms Entities Remade - Statistics

General Stats
  • This quiz has been taken 183 times
  • The average score is 34 of 40
Answer Stats
Hint Entity % Correct
It will slowly make its way towards the latest room. A-10
99%
Stays in the latest opened room for a few seconds. A-60
98%
Rebounds after reaching the latest room. A-35
97%
Checks every gray locker in the latest room. A-100
93%
Rebounds a few times and spawns its own minion. A-120
93%
Appears out of paper and checks gray lockers. A-150
93%
This pixelated entity rebounds alot of times. A-183
92%
Spawns via a bang sound and rushes toward the spawnand chases after players who exit their hiding spot. A-200
92%
Spawns a random entity based on it's color A-300
92%
Runs slowly to the lobby after spawning. A-80
92%
Moves every 2 seconds and throws bricks at lockers. A-350
91%
Breaks open gray lockers A-245
90%
Comes out of a portal and spawns its own minions. A-278
90%
Damages you if you use your flashlight. E-1
90%
A variant of the first entity. X-10
88%
Spawns at the latest room and fakes it's despawn. E-200
86%
Jumps at the player if the player doesn't hide. V-5
86%
Rebounds 1.5 times. X-35
86%
Rebounds alot of times and chases players who are nothiding. A-332
85%
Explodes after a few seconds. BM-1
85%
Digs onto the ground and jumps at a player. DG-1
85%
Teleports every second. V-50
85%
Stays in the latest room for a few seconds. X-60
85%
It also slowly makes their way to the latest room. E-22
84%
Noclips out of a wall, jumpscaring players who touch it. E-42
84%
Also fakes it's despawn. V-35
84%
A döppelganger that also stays in the latest room. E-60
83%
It accumulates speed every time it spawns. V-27
83%
Charges at players. CHA-1
82%
Spawns at the latest room and rushes toward the spawn. E-144
82%
Makes an ear-piercing noise, covers all entitys' sound A-258
81%
It zooms very fast towards the latest room. E-142
81%
Jumpscares players. John
80%
Damages players who hide. Noah
78%
Comes out of a portal and checks blue lockers. ULB-278
78%
Damages players if they touch it. XE-1
78%
Comes out of a portal and checks tables. TLAB-278
76%
Zooms slightly fast to the latest room. XE-22
70%
Jumps at a rapid speed at the player. XV-5
68%
Throws bombs at players who don't hide M-120
60%
No matching quizzes found
Score Distribution
Percent of People with Each Score
Percentile by Number Answered
Your Score History
You have not taken this quiz